[Event "Benidorm op-B"]
[Site "Benidorm"]
[Date "2022.12.06"]
[Round "4"]
[White "Ballina Amandi, Casimiro"]
[Black "Urena Casacuberta, Lluis"]
[Result "0-1"]
[WhiteElo "1757"]
[BlackElo "1917"]
[PlyCount "138"]
[EventDate "2022.12.03"]
[EventType "swiss"]
[EventRounds "9"]
[EventCountry "ESP"]
[SourceTitle "CBM 212 Extra"]
[Source "ChessBase"]
[SourceDate "2023.03.31"]
[SourceVersion "1"]
[SourceVersionDate "2023.03.31"]
[SourceQuality "1"]

1. e4 e5 2. Nf3 c5 3. Bb5 Nc6 4. d3 g6 5. c3 Bg7 6. 0-0 Nge7 7. a3 0-0 8. b4 d6 9. Bc4 h6 10. Be3 b6 11. Qb3 Rb8 12. Qa2 Bg4 13. Nbd2 Qc8 14. h3 Be6 15. Rfd1 Kh7 16. Nf1 Rd8 17. b5 Na5 18. Bxe6 Qxe6 19. Qxe6 fxe6 20. Bd2 Rd7 21. c4 Nb3 22. Rab1 Nxd2 23. Rxd2 Ra8 24. Rb3 a6 25. Ra2 axb5 26. Rxb5 Nc8 27. Ne3 Rda7 28. Nc2 Bf6 29. Rab2 Bd8 30. Nd2 Ne7 31. Nb1 Nc6 32. Nc3 Kg7 33. R5b3 Na5 34. Rb5 Kf7 35. Ra2 Ra6 36. g3 Nc6 37. Rab2 Ke7 38. Kg2 Kd7 39. R5b3 Na5 40. Rb5 Nc6 41. R5b3 Bc7 42. Nb5 Nd4 43. Ncxd4 exd4 44. f4 h5 45. Rf2 Rf8 46. g4 hxg4 47. hxg4 d5 48. f5 exf5 49. Nxc7 dxc4 50. dxc4 Kxc7 51. exf5 gxf5 52. Rxf5 Rxf5 53. gxf5 Kd6 54. Kf3 Ke5 55. Kg4 Ke4 56. f6 d3 57. f7 d2 58. f8Q d1Q+ 59. Rf3 Qd7+ 60. Kg3 Qc7+ 61. Rf4+ Kd3 62. Qf5+ Kc3 63. Kf2 Qd6 64. Rf3+ Kd2 65. Qg5+ Kd1 66. Qg1+ Kc2 67. Qg4 Qd4+ 68. Kg3 Qxg4+ 69. Kxg4 Kb2 0-1

[Event "Moia op 8th"]
[Site "Moia"]
[Date "2019.10.18"]
[Round "3.6"]
[White "Casassas Brosa, Ramon"]
[Black "Urena Casacuberta, Lluis"]
[Result "0-1"]
[WhiteElo "1663"]
[BlackElo "1922"]
[PlyCount "46"]
[EventDate "2019.09.20"]
[EventType "swiss"]
[EventRounds "8"]
[EventCountry "ESP"]
[SourceTitle "EXT 2024"]
[Source "ChessBase"]
[SourceDate "2023.10.10"]
[SourceVersion "1"]
[SourceVersionDate "2023.10.10"]
[SourceQuality "1"]

1. f4 d5 2. Nf3 Bf5 3. e3 Nf6 4. b3 g6 5. Bb2 Bg7 6. d3 0-0 7. Be2 c5 8. Ne5 h5 9. Nd2 Nc6 10. Ndf3 Qa5+ 11. Qd2 Qxd2+ 12. Kxd2 Ng4 13. h3 Ncxe5 14. Nxe5 Nxe5 15. fxe5 Bh6 16. g4 Be6 17. gxh5 d4 18. hxg6 Bxe3+ 19. Kd1 fxg6 20. Bg4 Bxg4+ 21. hxg4 Rf4 22. Ke2 Rf2+ 23. Kd1 Raf8 0-1

[Event "Andorra op 37th"]
[Site "Escaldes"]
[Date "2019.07.27"]
[Round "1"]
[White "Aloma Vidal, Roberto"]
[Black "Urena Casacuberta, Lluis"]
[Result "1-0"]
[WhiteElo "2419"]
[BlackElo "1915"]
[PlyCount "47"]
[EventDate "2019.07.27"]
[EventType "swiss"]
[EventRounds "9"]
[EventCountry "AND"]
[SourceTitle "CBM 191 Extra"]
[Source "ChessBase"]
[SourceDate "2019.09.30"]
[SourceVersion "1"]
[SourceVersionDate "2019.09.30"]
[SourceQuality "1"]

1. e4 c5 2. Nf3 Nc6 3. c3 d5 4. exd5 Qxd5 5. d4 Bg4 6. Be2 Nf6 7. h3 Bf5 8. 0-0 e6 9. Be3 Nd7 10. c4 Qd6 11. Nc3 cxd4 12. Nb5 Qb8 13. Nfxd4 Nxd4 14. Nxd4 Be4 15. Qa4 Qc7 16. Rfd1 Be7 17. Nb5 Qc6 18. Rxd7 Kxd7 19. Rd1+ Kc8 20. Nxa7+ Rxa7 21. Qxa7 Rd8 22. Qa8+ Kc7 23. Bf4+ Bd6 24. Qxd8+ 1-0

[Event "Santa Eulalia Vall del Tenes op 7th"]
[Site "Santa Eulalia de Roncana"]
[Date "2018.06.08"]
[Round "8.1"]
[White "Urena Casacuberta, Lluis"]
[Black "Ortega Serra, Marc"]
[Result "0-1"]
[WhiteElo "1921"]
[BlackElo "2248"]
[PlyCount "54"]
[EventDate "2018.04.06"]
[EventType "swiss"]
[EventRounds "8"]
[EventCountry "ESP"]
[SourceTitle "EXT 2024"]
[Source "ChessBase"]
[SourceDate "2023.10.10"]
[SourceVersion "1"]
[SourceVersionDate "2023.10.10"]
[SourceQuality "1"]

1. e4 e6 2. d4 d5 3. exd5 exd5 4. Bd3 Bd6 5. Nf3 Nc6 6. c3 Nge7 7. 0-0 Bg4 8. Re1 Qd7 9. Nbd2 0-0-0 10. Nf1 h6 11. Ne3 Be6 12. g3 g5 13. Ng2 Bg4 14. Ne3 Bh5 15. Bf1 f5 16. Ne5 Qe8 17. Qc2 Bxe5 18. dxe5 Nxe5 19. Bg2 Kb8 20. b3 f4 21. Nd1 N7c6 22. Bd2 Qd7 23. Nb2 Rhf8 24. Nd3 Nf3+ 25. Bxf3 Bxf3 26. Ne5 Nxe5 27. Rxe5 Qh3 0-1

[Event "Vall del Tenes op 5th"]
[Site "Vall del Tenes"]
[Date "2016.05.13"]
[Round "6"]
[White "Mas Recorda, Pere"]
[Black "Urena Casacuberta, Lluis"]
[Result "1-0"]
[WhiteElo "2016"]
[BlackElo "1890"]
[PlyCount "121"]
[EventDate "2016.04.08"]
[EventType "swiss"]
[EventRounds "8"]
[EventCountry "ESP"]
[SourceTitle "CBM 172 Extra"]
[Source "ChessBase"]
[SourceDate "2016.06.21"]
[SourceVersion "1"]
[SourceVersionDate "2016.06.21"]
[SourceQuality "1"]

1. f4 d5 2. Nf3 Nf6 3. e3 Bf5 4. b3 e6 5. Bb2 c5 6. Bb5+ Nc6 7. 0-0 Be7 8. d3 0-0 9. Bxc6 bxc6 10. Qe2 h6 11. Nbd2 Nd7 12. e4 Bh7 13. Rae1 Bf6 14. e5 Be7 15. Kh1 Rb8 16. Bc1 Qa5 17. a3 Qa6 18. c4 Rfd8 19. Ng1 Nf8 20. Rf3 Rd7 21. Nh3 Rbd8 22. Nf2 Bh4 23. g3 Be7 24. Rg1 Qa5 25. g4 Qc3 26. f5 Bg5 27. Nb1 Qxb3 28. Bxg5 hxg5 29. cxd5 cxd5 30. Nh3 d4 31. Nxg5 Qd5 32. Nd2 Rb8 33. Nc4 Rdb7 34. h4 Rb1 35. Rxb1 Rxb1+ 36. Kh2 exf5 37. Rf1 Rxf1 38. Qxf1 fxg4 39. Nxh7 Nxh7 40. Kg3 f5 41. Qxf5 Qf3+ 42. Qxf3 gxf3 43. Kxf3 Kf7 44. Ke4 Ke6 45. Nd6 Nf8 46. Nb7 Nd7 47. h5 Nxe5 48. Nxc5+ Kd6 49. Nb3 Ng4 50. Kf5 Ne5 51. Nxd4 Nxd3 52. Ne6 Ke7 53. Nxg7 a5 54. h6 Kf7 55. Ne6 Kg8 56. Ng5 a4 57. Kf6 Nf4 58. h7+ Kh8 59. Kf7 Nh5 60. Kg6 Nf4+ 61. Kh6 1-0